ბათუმის შოთა რუსთაველის სახელმწიფო უნივერსიტეტის ბიბლიოთეკა

მორფოგენეზის თავისებურებათა შესწავლა იზოლირებული ქსოვილის კულტურაში : დისერტაცია / (ბიბ.ჩანაწერი № 51929)

000 -ლიდერი
ფიქსირებული სიგრძის საკონტროლო ველი 01953nam a2200277Ia 4500
001 - საკონტროლო ნომერი
საკონტროლო ველი 18929
003 - საკონტროლო ნომრის იდენტიფიკატორი
საკონტროლო ველი GE_BSU
005 - ბოლო ოპერაციის თარიღი და დრო
საკონტროლო ველი 20220920161707.0
008 - ფიქსირებული სიგრძის მონაცემთა ელემენტები - ზოგადი ინფორმაცია
ფიქსირებული სიგრძის საკონტროლო ველი 181216s2008||||ge |||||||||||||| ||geo||
040 ## - კატალოგიზაციის წყარო
Transcribing agency GE_BSU
041 ## - ენის კოდი
Language code of text/sound track or separate title geo
080 ## - უნივერსალური ათობითი კლასიფიკაციის ინდექსი
Universal Decimal Classification number 63 მ-28
100 ## - მთავარი ჩანაწერი - პიროვნების სახელი
Personal name მანჯგალაძე, ს.
9 (RLIN) 10485
245 ## - ცნობა სათაურის შესახებ
Title მორფოგენეზის თავისებურებათა შესწავლა იზოლირებული ქსოვილის კულტურაში : დისერტაცია /
Statement of responsibility, etc სოფიკო მანჯგალაძე; მეცნ. ხელმძღვანელი ა. დიასამიძე. ნ. ზარნაძე; ბათუმის შოთა რუსთაველის სახელმწიფო უნივერსიტეტი.
264 ## - წარმოების, გამოცემის, დისტრიბუციის და სხვა ცნობები
გამოცემის, წარმოების, დისტრიბუციის... ადგილი ბათუმი,
გამოცემის, წარმოების, დისტრიბუციის... სახელწოდება
გამოცემის, წარმოების, დისტრიბუციის... თარიღი 2008.
300 ## - ფიზიკური აღწერა
Extent 112 გვ.;
Other physical details 30 სმ.
504 ## - BIBLIOGRAPHY, ETC. NOTE
Bibliography, etc ბიბლიოგრ.: გვ. 98-112
653 ## - INDEX TERM--UNCONTROLLED
Uncontrolled term დისერტაცია
653 ## - INDEX TERM--UNCONTROLLED
Uncontrolled term მორფოგენეზის თავისებუებათა შესწავლა იზოლირებული ქსოვილის კულტურაში.
653 ## - INDEX TERM--UNCONTROLLED
Uncontrolled term მცენარეთა მორფოლოგია
653 ## - INDEX TERM--UNCONTROLLED
Uncontrolled term მცენარეთა კლინიკური სელექცია; რთულყვავილოვანი მცენარეები; ხარიშუბლა;
700 ## - ADDED ENTRY--PERSONAL NAME
Personal name დიასამიძე, ა.
Relator term სამეცნიერო ხელმძღვანელი
9 (RLIN) 1129
700 ## - ADDED ENTRY--PERSONAL NAME
Personal name ზარნაძე, ნ.
Relator term სამეცნიერო ხელმძღვანელი
9 (RLIN) 10486
710 ## - ADDED ENTRY--CORPORATE NAME
Corporate name or jurisdiction name as entry element ბათუმის შოთა რუსთაველის სახელმწიფო უნივერსიტეტი
9 (RLIN) 10487
942 ## - ADDED ENTRY ELEMENTS (KOHA)
Koha item type წიგნი
Source of classification or shelving scheme
ეგზემპლარები
ჩამოწერის სტატუსი დაკარგული ეგზემპლარის სტატუსი კლასიფიკაციის წყარო ან თაროზე გაწყობის სქემა დაზიანების სტატუსი არ გაიცემა მუდმივი მდებარეობა (დაცვის ადგილი) ამჟამინდელი ადგილსამყოფელი თაროზე განთავსების ადგილი შეძენის თარიღი სრული შენახვის შიფრი შტრიხკოდი ბოლო ოპერაციის თარიღი ეგზემპლარის მიმდევრობითი ნომერი (კეტერი?) ფასის ძალაში შესვლის თარიღი ეგზემპლარის სახეობა
          ბათუმის შოთა რუსთაველის სახელმწიფო უნივერსიტეტის მთავარი ბიბლიოთეკა ბათუმის შოთა რუსთაველის სახელმწიფო უნივერსიტეტის მთავარი ბიბლიოთეკა წიგნსაცავი 2018-12-17 63 მ-28 12 დისერტ. 2018-12-17 12 2018-12-17 დისერტაცია